Japan's managed globalization : Adapting to the twenty-first century
Includes two part: Part 1 introduces the reader to the concept of "permeable insulation" and provides a detailed review of past practices and changes in policy. Part 2 deals with international trade issues, Japan's compliance with and resistance to global trade rules, and the domestic...
保存先:
| フォーマット: | 図書 |
|---|---|
| 言語: | Undetermined |
| 出版事項: |
New York
M.E. Sharpe
2002
|
| 主題: | |
| タグ: |
タグ追加
タグなし, このレコードへの初めてのタグを付けませんか!
|
| Thư viện lưu trữ: | Trung tâm Học liệu Trường Đại học Cần Thơ |
|---|
| LEADER | 01251nam a2200229Ia 4500 | ||
|---|---|---|---|
| 001 | CTU_220631 | ||
| 008 | 210402s9999 xx 000 0 und d | ||
| 082 | |a 337.52 | ||
| 082 | |b J33 | ||
| 245 | 0 | |a Japan's managed globalization : | |
| 245 | 0 | |b Adapting to the twenty-first century | |
| 245 | 0 | |c Editors Ulrike Schaede and William Grimes | |
| 260 | |a New York | ||
| 260 | |b M.E. Sharpe | ||
| 260 | |c 2002 | ||
| 520 | |a Includes two part: Part 1 introduces the reader to the concept of "permeable insulation" and provides a detailed review of past practices and changes in policy. Part 2 deals with international trade issues, Japan's compliance with and resistance to global trade rules, and the domestic interests visible in Japan's compliance. Part 3 focuses on domestic measures and policies that Japanese firms have used to adapt to the changes, within Japan and abroad, triggered by globalization and liberalization | ||
| 650 | |a Nhật Bản,Japan,Toàn cầu hóa,Globalization | ||
| 650 | |x Điều kiện kinh tế,Economic conditions,Khía cạnh kinh tế,Economic aspects | ||
| 650 | |y 1989-,1989- | ||
| 650 | |z Nhật Bản,Japan | ||
| 904 | |i Nguyên | ||
| 980 | |a Trung tâm Học liệu Trường Đại học Cần Thơ | ||